Statistics for Fast Typing 1 to 100 in Roman Numeral

Click here to take the quiz!

General Stats

  • This quiz has been taken 200 times
  • The average score is 46 of 100

Answer Stats

ArabicRoman% Correct
1I
100%
2II
99%
3III
99%
4IV
99%
5V
97%
6VI
97%
7VII
97%
8VIII
97%
10X
96%
11XI
94%
9IX
93%
12XII
93%
13XIII
93%
15XV
85%
16XVI
83%
17XVII
83%
18XVIII
83%
20XX
83%
14XIV
82%
30XXX
79%
21XXI
77%
22XXII
77%
23XXIII
77%
25XXV
76%
19XIX
73%
24XXIV
72%
31XXXI
72%
35XXXV
72%
26XXVI
70%
27XXVII
70%
28XXVIII
69%
29XXIX
68%
36XXXVI
68%
32XXXII
66%
33XXXIII
66%
34XXXIV
65%
37XXXVII
65%
38XXXVIII
61%
50L
59%
39XXXIX
54%
40XL
51%
51LI
42%
41XLI
42%
100C
39%
52LII
39%
53LIII
39%
60LX
39%
42XLII
39%
43XLIII
38%
44XLIV
38%
45XLV
35%
46XLVI
35%
47XLVII
35%
48XLVIII
35%
54LIV
34%
55LV
34%
49XLIX
34%
56LVI
32%
57LVII
32%
58LVIII
32%
59LIX
28%
70LXX
28%
61LXI
25%
62LXII
25%
63LXIII
25%
80LXXX
25%
64LXIV
24%
65LXV
23%
66LXVI
23%
67LXVII
20%
68LXVIII
20%
90XC
20%
69LXIX
17%
71LXXI
15%
72LXXII
14%
73LXXIII
14%
74LXXIV
14%
79LXXIX
14%
75LXXV
14%
76LXXVI
14%
77LXXVII
14%
78LXXVIII
14%
81LXXXI
14%
82LXXXII
14%
83LXXXIII
13%
84LXXXIV
13%
85LXXXV
11%
86LXXXVI
10%
91XCI
10%
92XCII
10%
93XCIII
10%
94XCIV
10%
99XCIX
10%
95XCV
10%
96XCVI
10%
97XCVII
10%
98XCVIII
10%
87LXXXVII
8%
88LXXXVIII
8%
89LXXXIX
6%

Score Distribution

Percentile by Number Answered

Percent of People with Each Score

Your Score History

You have not taken this quiz